Lidzy test !! - Statistiques

Statistiques générales
  • Ce quiz a été pris 19 fois
  • Le résultat moyen est 9 sur 50
Statistiques - réponses
Indice Réponse % Correct
aime les hommes et femmes bi
100%
au niveau du cou sur un pull col
94%
écrire "test" test
94%
écrire "test" test
94%
pronom personnel toi et moi on
69%
Le stylo en anglais Le pen
44%
Chien de deux races batard
38%
Enfant d'une mère avec une profession bizarre fils de pute
31%
Groupe de La Réponse est une {insulte}
25%
Presque anael anal
19%
Groupe de La Réponse est un {pays}
19%
Opéra et marque de cosmétique Garnier
19%
Ca se fume Pipe
19%
Groupe de La Réponse est une {position sexuelle}
13%
Groupe de La Réponse est un {politique}
13%
Alexis avec les meufs Chien
13%
issu des parties génitales de l'homme couillon
13%
race de chien levrette
13%
plein de bisous Poutou
13%
ressemble à un éternument + ref à kaaris tchoin
13%
Rhone 69
6%
Dors dans sa caisse Alexis
6%
Petit gouter healthy Apple
6%
Groupe de La Réponse est un {animal}
6%
Groupe de La Réponse est une {marque}
6%
Groupe de La Réponse est une {meme}
6%
Groupe de La Réponse est une {personne de la classe}
6%
Groupe de La Réponse est un {nom de famille}
6%
Groupe de La Réponse est un {prof}
6%
veut jamais avouer ou limitations Borne
6%
Les arabes sont ou dans nos campagnes
6%
Attention aux téléphone Droulers
6%
Moins drole de la classe Julie
6%
marque roland garros Lacoste
6%
Esclave Lenoir
6%
Mec de la princesse leprince
6%
La plus banale Louise
6%
le plus haut en france Macron
6%
ca baise Nike
6%
Ils ont salis le matelas Oh le canapé à grand papa
6%
Il répète tout le temps Perroquet
6%
Lidzy et julie quand alexis dis qu'il dort en voiture Pigeon
6%
Animal Puma
6%
Italien Raph
6%
Adore le caca Scatoli
6%
Il est dans le slip Serpent
6%
Faut pas l'énerver la tortue T'es pas content triplé
6%
Regalouz de billy Un donuts sucré au sucre
6%
Elle est rapide vyt
6%
fenetre en anglais Windows
6%
Aucun quiz correspondant
Distribution des résultats
% des personnes avec chaque résultat
Percentile par nombre de réponses
Votre historique - résultats
Vous n’avez pas pris ce quiz